[Event "Titled Tuesday intern op 31st May Late"]
[Site "Chess.com INT"]
[Date "2022.05.31"]
[Round "6"]
[White "Bryakin, Mikhail"]
[Black "Thorsteins, Karl"]
[Result "1-0"]
[WhiteElo "2456"]
[BlackElo "2404"]
[PlyCount "107"]
[EventDate "2022.05.31"]
[EventType "swiss (blitz)"]
[EventRounds "11"]
[EventCountry "USA"]
[SourceTitle "CBM 208 Extra"]
[Source "ChessBase"]
[SourceDate "2022.07.31"]
[SourceVersion "1"]
[SourceVersionDate "2022.07.31"]
[SourceQuality "1"]

1. e4 d6 2. d4 Nf6 3. Nc3 e5 4. Nf3 exd4 5. Nxd4 Be7 6. Be2 0-0 7. 0-0 Nc6 8. Be3 Re8 9. Nxc6 bxc6 10. f3 Bf8 11. Bf2 d5 12. exd5 cxd5 13. Bb5 Bd7 14. Bxd7 Qxd7 15. Bd4 Nh5 16. Bf2 c6 17. Re1 Nf4 18. Qd2 Bd6 19. Rxe8+ Rxe8 20. Re1 Rxe1+ 21. Qxe1 h6 22. Ne2 Nxe2+ 23. Qxe2 c5 24. b3 Qe6 25. Qxe6 fxe6 26. c4 a6 27. h3 Kf7 28. Kf1 h5 29. g4 g6 30. Ke2 Kf6 31. Bh4+ Kf7 32. Kd3 Ke8 33. Bf6 Kd7 34. Bc3 Kc6 35. Ba5 Bf4 36. Bc3 Kd6 37. Be1 Kc6 38. Bh4 Kd6 39. Bd8 Kc6 40. Be7 Bh2 41. Ke3 Bg1+ 42. Kf4 Kd7 43. Bh4 hxg4 44. hxg4 Ke8 45. Ke5 dxc4 46. bxc4 Kf7 47. Kd6 Be3 48. Bd8 Bd4 49. Bb6 Be3 50. Bxc5 Bf4+ 51. Kc6 e5 52. Kd5 Ke8 53. Bd6 Kf7 54. Bxe5 1-0

[Event "ISL-chT1 2122"]
[Site "Reykjavik"]
[Date "2022.03.06"]
[Round "10.3"]
[White "Heimisson, Hilmir Freyr"]
[Black "Thorsteins, Karl"]
[Result "1/2-1/2"]
[WhiteElo "2286"]
[BlackElo "2403"]
[PlyCount "114"]
[EventDate "2021.09.30"]
[EventType "team-tourn"]
[EventRounds "10"]
[EventCountry "ISL"]
[SourceTitle "EXT 2023"]
[Source "ChessBase"]
[SourceDate "2022.10.05"]
[SourceVersion "1"]
[SourceVersionDate "2022.10.05"]
[SourceQuality "1"]
[WhiteTeam "Skakdeild Fjolnis"]
[BlackTeam "Taflfelag Reykjavikur"]
[WhiteTeamCountry "ISL"]
[BlackTeamCountry "ISL"]

1. d4 g6 2. c4 Bg7 3. Nf3 c6 4. Nc3 d5 5. cxd5 cxd5 6. Bf4 Nf6 7. e3 0-0 8. Be2 Nc6 9. h3 Bf5 10. Rc1 Rc8 11. 0-0 Re8 12. Ne5 a6 13. g4 Be6 14. Qb3 b5 15. a4 Nxe5 16. Bxe5 Ne4 17. Bxg7 Kxg7 18. Nxe4 dxe4 19. Qb4 Rb8 20. axb5 axb5 21. Rc5 Bc4 22. Bxc4 bxc4 23. Qxc4 Rxb2 24. d5 Qd6 25. Qd4+ e5 26. Qxb2 Qxc5 27. Rd1 Qd6 28. Qb1 f5 29. Qb5 Rd8 30. gxf5 gxf5 31. Kh2 Kh6 32. Ra1 Qxd5 33. Ra6+ Kg7 34. Qb6 Ra8 35. Qf6+ Kg8 36. Rd6 Qf7 37. Qxe5 Re8 38. Qd4 Qa2 39. Kg3 f4+ 40. exf4 Qf7 41. Rd5 h6 42. f5 Qh5 43. Qd1 Qxd1 44. Rxd1 e3 45. fxe3 Rxe3+ 46. Kg4 h5+ 47. Kg5 Rxh3 48. Kf6 h4 49. Rd8+ Kh7 50. Rd7+ Kh6 51. Rd4 Kh5 52. Kf7 Rf3 53. f6 h3 54. Rd5+ Kg4 55. Kg6 h2 56. Rg5+ Kh3 57. Rh5+ Kg2 1/2-1/2

[Event "ISL-chT1 2122"]
[Site "Reykjavik"]
[Date "2021.10.01"]
[Round "2.3"]
[White "Thorsteins, Karl"]
[Black "Bjornsson, Tomas"]
[Result "1-0"]
[WhiteElo "2401"]
[BlackElo "2175"]
[PlyCount "101"]
[EventDate "2021.09.30"]
[EventType "team-tourn"]
[EventRounds "10"]
[EventCountry "ISL"]
[SourceTitle "EXT 2022"]
[Source "ChessBase"]
[SourceDate "2021.10.06"]
[SourceVersion "1"]
[SourceVersionDate "2021.10.06"]
[SourceQuality "1"]
[WhiteTeam "Taflfelag Reykjavikur"]
[BlackTeam "Vikingaklubburinn"]
[WhiteTeamCountry "ISL"]
[BlackTeamCountry "ISL"]

1. Nf3 d5 2. c4 c6 3. b3 Nf6 4. Bb2 e6 5. e3 Be7 6. Be2 0-0 7. 0-0 Nbd7 8. d4 b6 9. Nc3 Bb7 10. Qc2 Rc8 11. e4 dxe4 12. Nxe4 c5 13. Nxf6+ Bxf6 14. Rad1 Bxf3 15. Bxf3 cxd4 16. Bxd4 Qc7 17. Be3 Rfd8 18. Be2 Ne5 19. Qe4 Qc6 20. Qb1 Qc7 21. Rxd8+ Rxd8 22. Rd1 h6 23. h3 Rxd1+ 24. Bxd1 Qd6 25. Be2 Qa3 26. Qc2 Nc6 27. c5 bxc5 28. Qxc5 Qxc5 29. Bxc5 Bd4 30. Ba3 a5 31. Bc1 Bc3 32. a3 Nd4 33. Bc4 e5 34. f4 exf4 35. Bxf4 g5 36. Bd6 Nf5 37. Bc5 Bd4+ 38. Bxd4 Nxd4 39. Kf2 Kf8 40. Ke3 Nc2+ 41. Kd2 Nd4 42. Kd3 Nc6 43. Bd5 Ne5+ 44. Kd4 Nd7 45. Bc6 Nb6 46. Kc5 Nc8 47. Bb7 Ne7 48. Kb6 Ke8 49. Kxa5 Kd7 50. Kb6 Nf5 51. a4 1-0

[Event "ISL-chT 1718"]
[Site "Reykjavik"]
[Date "2018.03.01"]
[Round "6.2"]
[White "Thorsteins, Karl"]
[Black "Thorhallsson, Throstur"]
[Result "0-1"]
[WhiteElo "2426"]
[BlackElo "2419"]
[PlyCount "122"]
[EventDate "2017.10.19"]
[EventType "team-tourn"]
[EventRounds "9"]
[EventCountry "ISL"]
[SourceTitle "EXT 2019"]
[Source "ChessBase"]
[SourceDate "2018.10.10"]
[SourceVersion "1"]
[SourceVersionDate "2018.10.10"]
[SourceQuality "1"]
[WhiteTeam "Reykjavik Taflfelag"]
[BlackTeam "Huginn"]
[WhiteTeamCountry "ISL"]
[BlackTeamCountry "ISL"]

1. d4 d5 2. c4 e6 3. Nc3 Nf6 4. cxd5 exd5 5. Bg5 c6 6. e3 Be7 7. Bd3 Nbd7 8. Qc2 Nh5 9. Bxe7 Qxe7 10. Nge2 g6 11. 0-0 0-0 12. Rab1 a5 13. a3 Ng7 14. b4 axb4 15. axb4 b5 16. e4 dxe4 17. Nxe4 Bb7 18. Rfe1 Ne6 19. Qd2 Nf6 20. Nf4 Nxf4 21. Qxf4 Nd5 22. Qe5 Qxe5 23. dxe5 Bc8 24. Nc5 Re8 25. g3 Bh3 26. Rb2 Ra3 27. f4 Rc3 28. Bb1 Ra8 29. Ne4 Rc4 30. Nf6+ Nxf6 31. exf6 Rd4 32. Be4 Rd6 33. Rc1 Bd7 34. Kf2 Rxf6 35. Rd2 Ra7 36. Rcd1 Bg4 37. Rc1 Ra6 38. Rdc2 Bd7 39. Rd1 Ra7 40. Rcd2 Bf5 41. Bxf5 Rxf5 42. h4 h5 43. Rd8+ Kg7 44. Rc8 Ra2+ 45. Kf3 Rf6 46. Rdd8 Re6 47. Rg8+ Kf6 48. Rge8 Rxe8 49. Rxe8 Rc2 50. Rc8 Kf5 51. Ke3 Rc3+ 52. Kd4 Rc4+ 53. Ke3 Rxb4 54. Rxc6 Rb3+ 55. Kf2 Kg4 56. Rc5 Rf3+ 57. Ke2 Rxg3 58. Rxb5 Kxf4 59. Rb7 Kg4 60. Rxf7 Kxh4 61. Kf2 Kh3 0-1

[Event "ISL-chT 1617"]
[Site "Reykjavik"]
[Date "2016.09.30"]
[Round "2.2"]
[White "Thorsteins, Karl"]
[Black "Birkisson, Bardur Orn"]
[Result "1/2-1/2"]
[WhiteElo "2439"]
[BlackElo "2120"]
[PlyCount "62"]
[EventDate "2016.09.29"]
[EventType "team-tourn"]
[EventRounds "9"]
[EventCountry "ISL"]
[SourceTitle "EXT 2018"]
[Source "ChessBase"]
[SourceDate "2017.10.13"]
[SourceVersion "1"]
[SourceVersionDate "2017.10.13"]
[SourceQuality "1"]
[WhiteTeam "Reykjavik"]
[BlackTeam "Reykjavik II"]
[WhiteTeamCountry "ISL"]
[BlackTeamCountry "ISL"]

1. d4 d5 2. c4 c6 3. Nf3 Nf6 4. Qc2 dxc4 5. Qxc4 Bf5 6. g3 e6 7. Bg2 Nbd7 8. 0-0 Be7 9. Nc3 0-0 10. e3 Ne4 11. Nd2 Nxd2 12. Bxd2 e5 13. e4 exd4 14. exf5 dxc3 15. Bxc3 Bf6 16. Bb4 Re8 17. Rad1 Qc7 18. Rd2 Ne5 19. Qc2 Rad8 20. Rfd1 Rxd2 21. Rxd2 Rd8 22. b3 Rd7 23. Qc5 h5 24. Qxa7 Nd3 25. Qe3 Qd8 26. Ba5 Qxa5 27. Rxd3 Rxd3 28. Qxd3 Qxa2 29. Bf3 h4 30. Kg2 Qb2 31. Be2 Qd4 1/2-1/2

[Event "ISL-chT 1516"]
[Site "Reykjavik"]
[Date "2015.09.27"]
[Round "5.3"]
[White "Johannesson, Oliver Aron"]
[Black "Thorsteins, Karl"]
[Result "1/2-1/2"]
[WhiteElo "2198"]
[BlackElo "2453"]
[PlyCount "123"]
[EventDate "2015.09.24"]
[EventType "team-tourn"]
[EventRounds "9"]
[EventCountry "ISL"]
[SourceTitle "EXT 2017"]
[Source "ChessBase"]
[SourceDate "2016.10.25"]
[SourceVersion "1"]
[SourceVersionDate "2016.10.25"]
[SourceQuality "1"]
[WhiteTeam "Fjolnir"]
[BlackTeam "Reykjavik"]
[WhiteTeamCountry "ISL"]
[BlackTeamCountry "ISL"]

1. d4 g6 2. c4 Bg7 3. Nc3 d6 4. e4 e5 5. Be3 exd4 6. Bxd4 Nf6 7. f3 0-0 8. Qd2 a6 9. Rd1 Re8 10. Nge2 Nc6 11. Be3 b5 12. Nf4 b4 13. Ncd5 Nd7 14. Be2 a5 15. a3 bxa3 16. bxa3 Nce5 17. Qc2 Ba6 18. 0-0 c6 19. Nc3 Nxc4 20. Bxc4 Bxc4 21. Rfe1 Ne5 22. Nfe2 Rb8 23. Nc1 Ba6 24. Bf2 Nc4 25. N3e2 Rb2 26. Qd3 Qe7 27. Nd4 Qb7 28. Nde2 d5 29. exd5 cxd5 30. Qxd5 Qc8 31. Ng3 Rxe1+ 32. Rxe1 Ne5 33. Qxa5 Rc2 34. Be3 Nc4 35. Qc5 Qd7 36. Nce2 f5 37. Kh1 Nxe3 38. Qxe3 Bc4 39. Rc1 Rxc1+ 40. Qxc1 Bb5 41. Qc2 h5 42. Nf1 Qd3 43. Qxd3 Bxd3 44. Nfg3 h4 45. Nf4 Bc4 46. Nxg6 hxg3 47. Ne7+ Kf7 48. Nxf5 Bf8 49. Nxg3 Bxa3 50. Ne4 Ke6 51. g3 Bd5 52. Kg2 Kf5 53. Nc3 Bc6 54. Ne2 Bb2 55. Nf4 Be5 56. Nd3 Bc7 57. h4 Bb8 58. Nf2 Ba7 59. g4+ Kf4 60. Nh3+ Ke3 61. Ng5 Bb8 62. Ne4 1/2-1/2

[Event "ISL-chT 1516"]
[Site "Reykjavik"]
[Date "2015.09.24"]
[Round "1.1"]
[White "Thorsteins, Karl"]
[Black "Gunnarsson, Gunnar K"]
[Result "1-0"]
[WhiteElo "2453"]
[BlackElo "2164"]
[PlyCount "73"]
[EventDate "2015.09.24"]
[EventType "team-tourn"]
[EventRounds "9"]
[EventCountry "ISL"]
[SourceTitle "EXT 2017"]
[Source "ChessBase"]
[SourceDate "2016.10.25"]
[SourceVersion "1"]
[SourceVersionDate "2016.10.25"]
[SourceQuality "1"]
[WhiteTeam "Reykjavik"]
[BlackTeam "KR CC"]
[WhiteTeamCountry "ISL"]
[BlackTeamCountry "ISL"]

1. d4 Nf6 2. c4 e6 3. Nc3 d5 4. cxd5 exd5 5. Bg5 Be7 6. e3 0-0 7. Nf3 h6 8. Bf4 Bf5 9. h3 Nbd7 10. g4 Be6 11. Bd3 c5 12. Kf1 a6 13. Rc1 Rc8 14. Kg2 b5 15. dxc5 Nxc5 16. Bb1 b4 17. Ne2 Bd6 18. Qd4 Bxf4 19. exf4 Qb6 20. Ne5 Na4 21. Qxb6 Nxb6 22. Nc6 Rfe8 23. Ned4 Na4 24. Nxe6 fxe6 25. Ne7+ Rxe7 26. Rxc8+ Kf7 27. Rhc1 Nxb2 28. R1c7 Ne4 29. Rxe7+ Kxe7 30. Bxe4 dxe4 31. Rc7+ Kd6 32. Rxg7 Nd3 33. Kg3 Nc5 34. g5 hxg5 35. fxg5 a5 36. g6 a4 37. Rg8 1-0

[Event "ISL-chT 1314"]
[Site "Reykjavik"]
[Date "2013.10.10"]
[Round "1.2"]
[White "Thorsteins, Karl"]
[Black "Benediktsson, Thorir"]
[Result "1-0"]
[WhiteElo "2463"]
[BlackElo "1942"]
[PlyCount "73"]
[EventDate "2013.10.10"]
[EventType "team-tourn"]
[EventRounds "9"]
[EventCountry "ISL"]
[SourceTitle "EXT 2014"]
[Source "ChessBase"]
[SourceDate "2013.11.20"]
[SourceVersion "1"]
[SourceVersionDate "2013.11.20"]
[SourceQuality "1"]
[WhiteTeam "Reykjavik"]
[BlackTeam "Reykjavik II"]
[WhiteTeamCountry "ISL"]
[BlackTeamCountry "ISL"]

1. d4 Nf6 2. c4 Nc6 3. Nf3 e6 4. Nc3 Bb4 5. Qc2 d6 6. a3 Bxc3+ 7. Qxc3 Qe7 8. b4 e5 9. dxe5 dxe5 10. b5 e4 11. bxc6 exf3 12. cxb7 Bxb7 13. gxf3 0-0 14. Rg1 Kh8 15. Be3 Ba6 16. Rg5 Qe6 17. Rc1 Rg8 18. Bd4 Ne8 19. Qe3 Bxc4 20. Qxe6 Bxe6 21. Ra5 Nd6 22. e4 Rgb8 23. Bd3 Rb3 24. Ke2 Nb7 25. Rb5 Rxb5 26. Bxb5 c5 27. Bxc5 Rc8 28. Be3 Rxc1 29. Bxc1 Nd6 30. Ba6 Nc4 31. f4 f6 32. Kd3 Nb6 33. Be3 Bc8 34. Bxc8 Nxc8 35. Bc5 Kg8 36. Kc4 Kf7 37. Kd5 1-0

[Event "ISL-chT 1213"]
[Site "Reykjavik"]
[Date "2013.03.01"]
[Round "5.6"]
[White "Arnason, Jon Loftur"]
[Black "Thorsteins, Karl"]
[Result "1-0"]
[WhiteElo "2498"]
[BlackElo "2461"]
[PlyCount "51"]
[EventDate "2012.10.05"]
[EventType "team-tourn"]
[EventRounds "7"]
[EventCountry "ISL"]
[SourceTitle "EXT 2014"]
[Source "ChessBase"]
[SourceDate "2013.11.20"]
[SourceVersion "1"]
[SourceVersionDate "2013.11.20"]
[SourceQuality "1"]
[WhiteTeam "Taflfelag Bolungarvikur"]
[BlackTeam "Taflfelag Reykjavikur"]
[WhiteTeamCountry "ISL"]
[BlackTeamCountry "ISL"]

1. e4 g6 2. d4 Bg7 3. Nc3 c6 4. Nf3 d5 5. h3 Nh6 6. Bf4 f6 7. Qe2 0-0 8. 0-0-0 Nf7 9. g4 e6 10. Kb1 b5 11. Qe1 Nd7 12. h4 Nb6 13. exd5 exd5 14. g5 Bg4 15. Rd3 Re8 16. Qc1 Qd7 17. gxf6 Bxf6 18. Ng5 Nd6 19. Bh3 Bxh3 20. Rdxh3 b4 21. Nd1 Nf5 22. h5 Nxd4 23. Nxh7 Kxh7 24. hxg6+ Kg8 25. Bg5 Ne2 26. Bxf6 1-0

[Event "ISL-chT 1213"]
[Site "Reykjavik"]
[Date "2012.10.07"]
[Round "4.1"]
[White "Thorsteins, Karl"]
[Black "Edvardsson, Kristjan"]
[Result "1-0"]
[WhiteElo "2461"]
[BlackElo "2214"]
[PlyCount "99"]
[EventDate "2012.10.05"]
[EventType "team-tourn"]
[EventRounds "7"]
[EventCountry "ISL"]
[SourceTitle "EXT 2013"]
[Source "ChessBase"]
[SourceDate "2012.11.22"]
[SourceVersion "1"]
[SourceVersionDate "2012.11.22"]
[SourceQuality "1"]
[WhiteTeam "Taflfelag Reykjavikur"]
[BlackTeam "Godinn Matar"]
[WhiteTeamCountry "ISL"]
[BlackTeamCountry "ISL"]

1. d4 Nf6 2. c4 e6 3. Nc3 Bb4 4. Nf3 b6 5. Qb3 c5 6. a3 Ba5 7. Bf4 Nc6 8. e3 0-0 9. Bd6 Re8 10. Bd3 Ba6 11. 0-0 Bxc3 12. Qxc3 Rc8 13. dxc5 bxc5 14. Rfd1 Ne7 15. b4 Nf5 16. bxc5 Nxd6 17. cxd6 Rc5 18. Qb4 Qc8 19. Nd4 Bb7 20. f3 Ba6 21. e4 g6 22. a4 Nh5 23. Nb5 Bxb5 24. axb5 Nf4 25. Bf1 Rg5 26. g3 Qd8 27. c5 Nh5 28. b6 Nxg3 29. hxg3 Rxg3+ 30. Bg2 Qg5 31. Qd2 Qxc5+ 32. Qf2 axb6 33. Qxc5 bxc5 34. Ra7 Rd8 35. Rda1 Kg7 36. Ra8 Rxa8 37. Rxa8 c4 38. Ra7 Rg5 39. Rxd7 Kf6 40. Rc7 Rb5 41. Bf1 Rb1 42. Kf2 Rd1 43. f4 e5 44. Bxc4 exf4 45. Rxf7+ Ke5 46. d7 Kxe4 47. Re7+ Kf5 48. Be6+ Kf6 49. Re8 h5 50. Bh3 1-0

[Event "ISL-chT 1112"]
[Site "Reykjavik"]
[Date "2011.10.08"]
[Round "3.3"]
[White "Klinova, Masha"]
[Black "Thorsteins, Karl"]
[Result "0-1"]
[WhiteElo "2323"]
[BlackElo "2469"]
[PlyCount "56"]
[EventDate "2011.10.07"]
[EventType "team-tourn"]
[EventRounds "7"]
[EventCountry "ISL"]
[SourceTitle "EXT 2012"]
[Source "ChessBase"]
[SourceDate "2011.11.24"]
[SourceVersion "1"]
[SourceVersionDate "2011.11.24"]
[SourceQuality "1"]
[WhiteTeam "TV"]
[BlackTeam "TR"]
[WhiteTeamCountry "ISL"]
[BlackTeamCountry "ISL"]

1. e4 Nf6 2. e5 Nd5 3. d4 d6 4. Nf3 g6 5. Be2 Bg7 6. 0-0 0-0 7. c4 Nb6 8. exd6 cxd6 9. h3 Nc6 10. Nc3 Bf5 11. Be3 d5 12. c5 Nc4 13. Bg5 h6 14. Bc1 b6 15. b3 bxc5 16. bxc4 cxd4 17. Nxd5 d3 18. Bxd3 Bxd3 19. Qxd3 Bxa1 20. Bxh6 Bg7 21. Bxg7 Kxg7 22. Re1 Qa5 23. Qe2 e5 24. Rb1 Rab8 25. Rb5 Qa3 26. Nxe5 Rbe8 27. Nc7 Qc1+ 28. Kh2 Rxe5 0-1

[Event "ISL-chT 0001"]
[Site "Reykjavik"]
[Date "2001.??.??"]
[Round "?"]
[White "Thorsteinsson, Bjorn"]
[Black "Thorsteins, Karl"]
[Result "0-1"]
[WhiteElo "2329"]
[BlackElo "2485"]
[PlyCount "92"]
[EventDate "2000.11.17"]
[EventType "team"]
[EventRounds "7"]
[EventCountry "ISL"]
[SourceTitle "EXT 2002"]
[Source "ChessBase"]
[SourceDate "2001.11.25"]
[SourceVersion "1"]
[SourceVersionDate "2001.11.25"]
[SourceQuality "1"]

1. e4 g6 2. d4 Bg7 3. Nc3 d6 4. f4 Nf6 5. Nf3 0-0 6. Bd3 Na6 7. 0-0 c5 8. d5 Rb8 9. Qe2 Nc7 10. a4 b6 11. Nb5 a6 12. Nxc7 Qxc7 13. c4 Bg4 14. Bd2 Nh5 15. Rab1 e6 16. b3 exd5 17. cxd5 Rbe8 18. Bxa6 Nf6 19. Bd3 Nxe4 20. Bxe4 f5 21. h3 Rxe4 22. Qd3 Bxf3 23. Qxf3 Rfe8 24. Kh2 Qf7 25. Rbd1 Qxd5 26. Bc3 Qxb3 27. Bxg7 Qxf3 28. Rxf3 Kxg7 29. Rxd6 R8e6 30. Rfd3 Rxd6 31. Rxd6 Rxf4 32. Rxb6 Rxa4 33. Rc6 Rc4 34. Kg3 Kh6 35. Rc7 Rc2 36. Kf3 c4 37. h4 c3 38. g3 Rc1 39. Kg2 Rc2+ 40. Kf3 Rc1 41. Kg2 Kh5 42. Rxh7+ Kg4 43. Rc7 Rc2+ 44. Kf1 Kxg3 45. Rc6 Kxh4 46. Rxg6 Ra2 0-1

[Event "EU-Cup 15th Gr2"]
[Site "Reykjavik"]
[Date "1999.09.25"]
[Round "2"]
[White "Thorsteins, Karl"]
[Black "Fominyh, Alexander"]
[Result "0-1"]
[WhiteElo "2493"]
[BlackElo "2552"]
[PlyCount "69"]
[EventDate "1999.09.24"]
[EventType "team-k.o."]
[EventRounds "3"]
[EventCountry "ISL"]
[SourceTitle "EXT 2020"]
[Source "ChessBase"]
[SourceDate "2019.10.17"]
[SourceVersion "1"]
[SourceVersionDate "2019.10.17"]
[SourceQuality "1"]
[WhiteTeam "Hellir Taflfelagia"]
[BlackTeam "Tomsk Siberia"]
[WhiteTeamCountry "ISL"]
[BlackTeamCountry "RUS"]

1. d4 d5 2. c4 dxc4 3. e4 Nf6 4. e5 Nd5 5. Bxc4 Nc6 6. Ne2 Bf5 7. 0-0 e6 8. Nbc3 Nb6 9. Bb3 Nb4 10. a3 N4d5 11. Bc2 Bxc2 12. Qxc2 Be7 13. Ne4 Qd7 14. Bd2 Qb5 15. Bg5 Bxg5 16. Nxg5 h6 17. Ne4 Rd8 18. Rac1 0-0 19. Rfd1 Qa4 20. Qd3 Nd7 21. N2c3 Nxc3 22. Qxc3 Nb6 23. Qd2 Nd5 24. Nf6+ Kh8 25. Nxd5 Rxd5 26. Rxc7 Rfd8 27. Qc1 Rxd4 28. Rxd4 Qxd4 29. h3 Rd7 30. Rxb7 Rxb7 31. Qc8+ Kh7 32. Qxb7 Kg6 33. a4 Qxe5 34. g3 Qd4 35. Kg2 0-1

[Event "EU-Cup 13th Group5"]
[Site "Mulhouse"]
[Date "1997.10.05"]
[Round "3"]
[White "Riff, Sebastien"]
[Black "Thorsteins, Karl"]
[Result "0-1"]
[WhiteElo "2235"]
[BlackElo "2495"]
[PlyCount "72"]
[EventDate "1997.10.03"]
[EventType "team-k.o."]
[EventRounds "3"]
[EventCountry "FRA"]
[SourceTitle "EXT 2020"]
[Source "ChessBase"]
[SourceDate "2019.10.17"]
[SourceVersion "1"]
[SourceVersionDate "2019.10.17"]
[SourceQuality "1"]
[WhiteTeam "Mulhouse Philidor"]
[BlackTeam "Hellir Taflfelagia"]
[WhiteTeamCountry "FRA"]
[BlackTeamCountry "ISL"]

1. e4 d6 2. d4 Nf6 3. Nc3 g6 4. f4 Bg7 5. Nf3 0-0 6. Bd3 Nc6 7. e5 dxe5 8. dxe5 Nd5 9. Nxd5 Qxd5 10. Qe2 Bg4 11. Be4 Qa5+ 12. Bd2 Qb6 13. Bc3 Rad8 14. Qf2 f6 15. Qxb6 axb6 16. 0-0 Bxf3 17. Bxf3 fxe5 18. fxe5 Nd4 19. Bxd4 Rxd4 20. Bxb7 Bxe5 21. Rxf8+ Kxf8 22. Rf1+ Kg7 23. Re1 Kf6 24. b3 Rd2 25. Be4 Bd4+ 26. Kh1 Bf2 27. Rf1 Ke5 28. Bf3 Kd4 29. g3 e5 30. Kg2 e4 31. Bxe4 Kxe4 32. Rxf2 Ke3 33. Rxd2 Kxd2 34. b4 Kc3 35. a3 b5 36. Kf3 Kxc2 0-1

[Event "EU-Cup 13th Group5"]
[Site "Mulhouse"]
[Date "1997.10.03"]
[Round "1"]
[White "Thorsteins, Karl"]
[Black "Hausner, Ivan"]
[Result "1-0"]
[WhiteElo "2495"]
[BlackElo "2410"]
[PlyCount "137"]
[EventDate "1997.10.03"]
[EventType "team-k.o."]
[EventRounds "3"]
[EventCountry "FRA"]
[SourceTitle "EXT 2020"]
[Source "ChessBase"]
[SourceDate "2019.10.17"]
[SourceVersion "1"]
[SourceVersionDate "2019.10.17"]
[SourceQuality "1"]
[WhiteTeam "Hellir Taflfelagia"]
[BlackTeam "Praha Mladi"]
[WhiteTeamCountry "ISL"]
[BlackTeamCountry "CZE"]

1. Nf3 d6 2. d4 Bg4 3. c4 Nd7 4. Nc3 Ngf6 5. g3 e5 6. Bg2 c6 7. 0-0 Be7 8. h3 Bxf3 9. exf3 exd4 10. Qxd4 0-0 11. Re1 Re8 12. Be3 Nb6 13. f4 Nfd7 14. Rad1 Nc5 15. Ne4 Nxe4 16. Bxe4 Qc8 17. g4 Qe6 18. Qd3 Qxc4 19. Bxh7+ Kf8 20. Qf5 Nd5 21. g5 Nxe3 22. Rxe3 Qb5 23. Qxb5 cxb5 24. Be4 Rab8 25. Bd5 Bd8 26. Rxe8+ Kxe8 27. h4 Bb6 28. Rc1 b4 29. Kg2 Bc5 30. Kf3 Kf8 31. h5 b6 32. b3 Re8 33. Bc6 Re7 34. Bd5 g6 35. hxg6 fxg6 36. Rh1 Kg7 37. Rh6 Re1 38. Be4 Rf1 39. Rxg6+ Kf7 40. Rf6+ Ke7 41. Bd5 Rxf2+ 42. Kg4 Rd2 43. Rf7+ Ke8 44. Be6 Rxa2 45. g6 Bd4 46. Kf5 Rg2 47. Rxa7 Bc3 48. Rb7 Rg1 49. Rxb6 Kf8 50. Rxd6 Rg3 51. Rd8+ Ke7 52. Rd7+ Kf8 53. Rb7 Rg1 54. Rf7+ Ke8 55. Bd7+ Kd8 56. Bc6 Rg3 57. Be4 Rg1 58. Ke6 Re1 59. Rf8+ Kc7 60. Kd5 Rd1+ 61. Kc5 Rd8 62. Rf7+ Rd7 63. Bf5 Rxf7 64. gxf7 Bg7 65. Kxb4 Bf8+ 66. Kc4 Kc6 67. b4 Kb6 68. b5 Ba3 69. Bd3 1-0

[Event "ISL-chT"]
[Site "Iceland"]
[Date "1997.??.??"]
[Round "?"]
[White "Thorsteins, Karl"]
[Black "Thorarinsson, Pall A"]
[Result "1/2-1/2"]
[WhiteElo "2495"]
[BlackElo "2100"]
[PlyCount "80"]
[EventDate "1997.??.??"]
[EventType "team"]
[EventRounds "9"]
[EventCountry "ISL"]
[SourceTitle "EXT 2000"]
[Source "ChessBase"]
[SourceDate "1999.11.16"]
[SourceVersion "1"]
[SourceVersionDate "1999.11.16"]
[SourceQuality "1"]

1. Nf3 Nf6 2. c4 e6 3. Nc3 Bb4 4. Qc2 0-0 5. a3 Bxc3 6. Qxc3 c5 7. b4 b6 8. g3 Bb7 9. Bg2 d6 10. 0-0 Nbd7 11. Bb2 Qe7 12. d3 Rfc8 13. Rac1 Qf8 14. Rfd1 Rc7 15. Qb3 Rac8 16. b5 Ra8 17. e4 a5 18. e5 dxe5 19. Nxe5 Bxg2 20. Kxg2 Nxe5 21. Bxe5 Rd7 22. d4 Ng4 23. Qf3 Nxe5 24. dxe5 Rad8 25. Rxd7 Rxd7 26. Rd1 Rxd1 27. Qxd1 Qa8+ 28. f3 Qb8 29. Qd6 g6 30. f4 h6 31. Kf3 h5 32. Ke4 Qa8+ 33. Qc6 Qd8 34. Qd6 Qa8+ 35. Qc6 Qd8 36. Qd6 Qa8+ 37. Ke3 Qg2 38. Qxb6 Qg1+ 39. Kf3 Qf1+ 40. Ke3 Qe1+ 1/2-1/2

[Event "ISL-chT"]
[Site "Iceland"]
[Date "1995.??.??"]
[Round "?"]
[White "Einarsson, Halldor Gretar"]
[Black "Thorsteins, Karl"]
[Result "0-1"]
[WhiteElo "2315"]
[BlackElo "2500"]
[PlyCount "66"]
[EventDate "1995.??.??"]
[EventType "team"]
[EventRounds "7"]
[EventCountry "ISL"]
[SourceTitle "EXT 2000"]
[Source "ChessBase"]
[SourceDate "1999.11.16"]
[SourceVersion "1"]
[SourceVersionDate "1999.11.16"]
[SourceQuality "1"]

1. d4 d5 2. c4 c6 3. Nf3 Nf6 4. Nc3 e6 5. cxd5 exd5 6. Bg5 Bf5 7. Qb3 Nbd7 8. e3 Qb6 9. Qxb6 axb6 10. Nh4 Be6 11. Bd3 Ne4 12. Nf3 Bb4 13. Bxe4 dxe4 14. Nd2 f5 15. a3 h6 16. Bf4 0-0 17. h4 b5 18. f3 exf3 19. Nxf3 Nb6 20. 0-0 Bxc3 21. bxc3 Nc4 22. Ne5 Nxa3 23. Ng6 Rfe8 24. Ne7+ Kf7 25. Nxf5 Bxf5 26. e4 Rxe4 27. Bc1 Ke6 28. Bxa3 Rxh4 29. Be7 Rxa1 30. Bxh4 Rxf1+ 31. Kxf1 Kd5 32. Ke2 Be4 33. g3 g5 0-1

[Event "EU-Cup 11th Group1"]
[Site "Clichy"]
[Date "1995.??.??"]
[Round "1"]
[White "Lobron, Eric"]
[Black "Thorsteins, Karl"]
[Result "1/2-1/2"]
[WhiteElo "2595"]
[BlackElo "2500"]
[PlyCount "45"]
[EventDate "1995.09.??"]
[EventType "team-k.o."]
[EventRounds "3"]
[EventCountry "FRA"]
[SourceTitle "EXT 2020"]
[Source "ChessBase"]
[SourceDate "2019.10.17"]
[SourceVersion "1"]
[SourceVersionDate "2019.10.17"]
[SourceQuality "1"]
[WhiteTeam "Berlin Empor"]
[BlackTeam "Reykjavik Taflfelag"]
[WhiteTeamCountry "GER"]
[BlackTeamCountry "ISL"]

1. d4 d5 2. Nf3 c6 3. c4 Nf6 4. Nc3 dxc4 5. a4 Bf5 6. e3 e6 7. Bxc4 Bb4 8. 0-0 0-0 9. Qe2 Ne4 10. Bd3 Bxc3 11. bxc3 Nxc3 12. Qc2 Bxd3 13. Qxd3 Nd5 14. Rb1 b6 15. Ba3 Re8 16. Rfc1 a5 17. Ne5 Qc7 18. e4 Nb4 19. Bxb4 axb4 20. Rxb4 c5 21. Rbc4 Nc6 22. Nxc6 Qxc6 23. dxc5 1/2-1/2